Blackpink (Запись № 12899497)

Подробности
000 -МАРКЕР
контрольное поле 02790nam0a2200421 4500
001 - ИДЕНТИФИКАТОР ЗАПИСИ
контрольное поле RU\NLR\BIBL_A\022153464
005 - ИДЕНТИФИКАТОР ВЕРСИИ
контрольное поле 20240628143909.0
010 ## - МЕЖДУНАРОДНЫЙ СТАНДАРТНЫЙ НОМЕР КНИГИ (ISBN)
Номер (ISBN) 978-5-17-139323-6
Тираж 2000
021 ## - НОМЕР ГОСУДАРСТВЕННОЙ РЕГИСТРАЦИИ
Код страны российская федерация
Номер КН-П-24-003754
Номер Листа государственной регистраци КН-П-24-0389
035 ## - ДРУГИЕ СИСТЕМНЫЕ НОМЕРА
Идентификатор записи (NLR Aleph) 022153464
035 ## - ДРУГИЕ СИСТЕМНЫЕ НОМЕРА
Идентификатор записи (RuMoRGB)011070808
100 ## - ДАННЫЕ ОБЩЕЙ ОБРАБОТКИ
Данные общей обработки 20240229d2023 u y0rusy50 ca
101 1# - ЯЗЫК РЕСУРСА
Язык текста, звукозаписи и т.д. русский
-- английский
-- корейский
Язык оригинала не определено
102 ## - СТРАНА ПУБЛИКАЦИИ ИЛИ ПРОИЗВОДСТВА
Страна публикации российская федерация
105 ## - ПОЛЕ КОДИРОВАННЫХ ДАННЫХ: ТЕКСТОВЫЕ МАТЕРИАЛЫ, МОНОГРАФИЧЕСКИЕ
Кодированные данные о монографическом текстовом документе ac z 000yy
181 #0 - ПОЛЕ КОДИРОВАННЫХ ДАННЫХ: ВИД СОДЕРЖАНИЯ
Код вида содержания (ISBD) i
Код характеристики содержания (ISBD) axxe
182 #0 - ПОЛЕ КОДИРОВАННЫХ ДАННЫХ: ТИП СРЕДСТВА
Код типа средства (ISBD) n - непосредственное
200 1# - ЗАГЛАВИЕ И СВЕДЕНИЯ ОБ ОТВЕТСТВЕННОСТИ
Основное заглавие Blackpink
Сведения, относящиеся к заглавию история уникальной группы. Kill this love
-- [перевод]
Первые сведения об ответственности Ким Мин-хё
203 ## - ВИД СОДЕРЖАНИЯ И ТИП СРЕДСТВА
Вид содержания Текст
Дополнительные сведения об издании визуальный
Тип средства непосредственный
210 ## - ПУБЛИКАЦИЯ, РАСПРОСТРАНЕНИЕ И ДР.
Место издания, распространения и т.д. Москва
-- Киров
Имя издателя, распространителя и т. д. АСТ
Дата издания, распространения и т.д. 2023
215 ## - ФИЗИЧЕСКАЯ ХАРАКТЕРИСТИКА
Специфическое обозначение материала и объем 182 с.
Другие сведения о физической характеристике цв. ил., портр.
Размеры 22
225 1# - СЕРИЯ
Основное заглавие серии K-POP
300 ## - ОБЩИЕ ПРИМЕЧАНИЯ
Текст примечания Часть текста кор., янгл.
300 ## - ОБЩИЕ ПРИМЕЧАНИЯ
Текст примечания Кн. содерж. QR - коды на доп. информ.
320 ## - ПРИМЕЧАНИЯ О НАЛИЧИИ В ДОКУМЕНТЕ БИБЛИОГРАФИИ / УКАЗАТЕЛЯ
Текст примечания Авт. указан на обороте тит. л.
330 ## - РЕЗЮМЕ ИЛИ РЕФЕРАТ
Текст примечания Blackpink-самая популярная девичья k-рор группа не только в Корее, но и во всем мире! Они добились небывалой славы: их слушает почти два миллиарда человек, альбомы расходятся миллионными тиражами. Невероятно талантливые Джису, Дженни, Розэ и Лиса покорили не только Корею, но Европу, Америку и весь остальной мир! Девушки показали, что невинная, отчасти детская привлекательность ценится гораздо дороже. В эпоху порочных нравов Blackpink выглядят как совершенные создания: спортивное телосложение, идеальная кожа, ухоженные волосы, стильная одежда. Слаженная хореография и режиссерская работа приносят их клипам миллиардные просмотры
333 ## - ПРИМЕЧАНИЯ ОБ ОСОБЕННОСТЯХ РАСПРОСТРАНЕНИЯ И ИСПОЛЬЗОВАНИЯ
Текст примечания 16+
601 02 - НАИМЕНОВАНИЕ ОРГАНИЗАЦИИ КАК ПРЕДМЕТ
Начальный элемент ввода "Blackpink", южно-корейская гёрл-группа
Идентифицирующий признак Сеул, город; Корея, Республика
Код системы nlr_sh2
Идентификатор авторитетной/нормативной записи RU\NLR\AUTH\6601677450
675 ## - УНИВЕРСАЛЬНАЯ ДЕСЯТИЧНАЯ КЛАССИФИКАЦИЯ (UDC/УДК)
Индекс 785.16(519.5)
Издание 4
686 1# - ИНДЕКСЫ ДРУГИХ КЛАССИФИКАЦИЙ
Индекс Щ364.13(5КоЮ)65-68"Blackpink"
700 #1 - ИМЯ ЛИЦА - ПЕРВИЧНАЯ ОТВЕТСТВЕННОСТЬ
Начальный элемент ввода Ким Мин-хё
712 02 - НАИМЕНОВАНИЕ ОРГАНИЗАЦИИ - ВТОРИЧНАЯ ОТВЕТСТВЕННОСТЬ
Начальный элемент ввода "Blackpink", южно-корейская гёрл-группа
Идентифицирующий признак Сеул
Идентификатор авторитетной/нормативной записи RU\NLR\AUTH\880529629
Код отношения Прочие
942 ## - ДОПОЛНИТЕЛЬНЫЕ ЭЛЕМЕНТЫ ЗАПИСИ (АБИС)
Тип экземпляра АБИС Книга
980 ## - КОЛЛЕКЦИЯ
Название коллекции Национальная библиография
Экземпляры
Тип экземпляра Дата поступления Источник поступления Библиотека постоянного хранения Библиотека текущего хранения Место хранения Шифр хранения Штрих-код Статус не для выдачи
Книга 29.02.2024 Обязательный экземпляр РНБ (Московский) РНБ (Московский) Русский книжный фонд: издания с 1957 года, 8этаж, Хран. 2024-5/1708 1-4495428  
Книга 29.02.2024 Обязательный экземпляр РНБ (Московский) РНБ (Московский) Обменный фонд   1-4495427